Estadísticas para Países más Grandes sin Glaciares

Haz click aquí para intentar la prueba.

Estadísticas generales

  • Esta prueba ha sido intentada 1.063 veces
  • La puntuación promedio es 14 de 20

Estadísticas de respuestas

km²País% Correcto
8,515,767Brasil
97%
2,381,741Argelia
83%
1,002,450Egipto
80%
1,267,000Níger
78%
2,149,690Arabia Saudita
77%
1,284,000Chad
77%
1,861,484Sudán
77%
1,221,037Sudáfrica
75%
923,768Nigeria
74%
1,759,540Libia
73%
1,240,192Malí
69%
1,104,300Etiopía
67%
1,030,700Mauritania
67%
1,246,700Angola
65%
825,615Namibia
63%
644,329Sudán del Sur
61%
801,590Mozambique
60%
637,657Somalia
57%
752,612Zambia
55%
622,984República Centroafricana
52%

Distribución de puntuación

Porcentaje por número respondido

Porcentaje de gente con cada puntuación

Historial de tus puntuaciones

No has intentado esta prueba.